000 00168nam a22000857a 4500
999 _c12930
_d12930
082 _a891.439
100 _aMuhammad Shakoor Shakir
245 _aIbrat Ki Baat
942 _cBK